Circuitos administrativos (Registro nro. 2269)

Detalles MARC
000 -LEADER
fixed length control field 01144 a2200205 4500
001 - CONTROL NUMBER
control field 32367
005 - DATE AND TIME OF LATEST TRANSACTION
control field 20260407155622.0
008 - FIXED-LENGTH DATA ELEMENTS--GENERAL INFORMATION
fixed length control field 260407a1974 arg spa d
003 - CONTROL NUMBER IDENTIFIER
control field AR-UNSa-BCEJYS
040 ## - CATALOGING SOURCE
Original cataloging agency AR-UNSa-BCEJYS
Language of cataloging spa
Transcribing agency AR-UNSa-BCEJYS
080 ## - UNIVERSAL DECIMAL CLASSIFICATION NUMBER
Universal Decimal Classification number 658.012.123
Common auxiliary subdivision Modelos de decisión. Diagramas de decisión. Árboles de decisión (Cursogramas)
100 1# - MAIN ENTRY--PERSONAL NAME
Personal name Klein, Miguel Jorge
245 10 - TITLE STATEMENT
Title Circuitos administrativos
250 ## - EDITION STATEMENT
Edition statement 4a. ed
264 #1 - PRODUCTION, PUBLICATION, DISTRIBUTION, MANUFACTURE, AND COPYRIGHT NOTICE
Place of production, publication, distribution, manufacture Buenos Aires :
Name of producer, publisher, distributor, manufacturer Tesis
Date of production, publication, distribution, manufacture, or copyright notice 1974
300 ## - PHYSICAL DESCRIPTION
Extent 250 p.
Dimensions 24 cm.
505 ## - FORMATTED CONTENTS NOTE
Formatted contents note Parte I: Técnicas: 1. Introducción - 2. Cursogramas: conceptos, objetivos y ventajas - 3. Símbolos - 4. Principios y prácticas para la confección de diagramas - 5. Pautas del formulario portador del grafico - 6. Conclusión - Parte II: Casos - 7. Normas y circuitos sobre ventas - 8. Normas y circuitos sobre compras - 9. Normas y circuitos sobre movimientos de fondos y valores - 10. Normas y circuitos sobre control de stock - 11. Normas y circuitos sobre liquidación de remuneraciones - 12. Normas y circuitos sobre diversos temas.
590 ## - LOCAL NOTE (RLIN)
Local note niveau_biblio:m niveau_hierar:0
942 ## - ADDED ENTRY ELEMENTS (KOHA)
Koha item type
Existencias
Withdrawn status Lost status Damaged status Not for loan Home library Current library Shelving location Date acquired Total checkouts Full call number Barcode Date last seen Price effective from Koha item type
        Biblioteca Prof. Eusebio Cleto del Rey Biblioteca Prof. Eusebio Cleto del Rey   07/04/2026   658.012.123 K64c 4ed. L39631 07/04/2026 07/04/2026 Libro
        Biblioteca Prof. Eusebio Cleto del Rey Biblioteca Prof. Eusebio Cleto del Rey   07/04/2026   658.012.123 K64c 4ed. L39994 07/04/2026 07/04/2026 Libro